000 00467cam a2200181 4500
001 J955
008 090401t1990 xxu||||| |||| 00| 0 eng d
035 _a(Sirsi) u45980
041 _aeng
100 _aBartholomew, Terence
245 _aTest of professional competence practical task...November 1990.
260 _c1990
350 _a0
490 _aBS
_v75
520 _aFOR SPECIAL LOAN TO TPC DOCTORS OR EXAMINERS ONLY.
942 _n0
948 _c04/03/1997
999 _c91859
_d91859